| 000 | 00748nam a22002057a 4500 | ||
|---|---|---|---|
| 005 | 20230912103459.0 | ||
| 010 | _aEN-137838 | ||
| 020 |
_a9780198083757 _c1495.00 |
||
| 037 |
_bBSB/Ven _adpl |
||
| 082 | _a954.53 | ||
| 100 |
_aTiwari, Nishant _956264 |
||
| 245 |
_aCelebrating Bihar : _bthe charm of champaranl / _cby Nishant Tiwari |
||
| 260 |
_aNew Delhi _bOxford University Press _c2012 |
||
| 270 |
_aYMCA Library Building, 1 Jai Singh Road _bNew Delhi _e110001 |
||
| 300 |
_a93p.: _c21cm(Hb) _bcol.ill. |
||
| 600 |
_aGandhi, Mahatma, _d1869-1948 _x Religion. _956265 |
||
| 650 |
_aHinduism. _956266 |
||
| 942 |
_2ddc _cEN _h954.53 _mTIW |
||
| 999 |
_c84950 _d84950 |
||